MARC

LEADER 00000nam0a2200000 4500
001 141828
005 20231031142543.0
010 |a 0387951709 
035 |a (RuTPU)RU\TPU\book\153726 
090 |a 141828 
100 |a 20080827d2003 k y0engy50 ba 
101 0 |a eng 
102 |a US 
105 |a a z 001zy 
200 1 |a Nonlinear Time Series. Nonparametric and Parametric Methods  |f J. Fan, Q. Yao 
210 |a New York  |c Springer-Verlag  |d 2003 
215 |a 551 p.  |c il. 
225 1 |a Springer Series in Statistics 
320 |a References: p. 487-536. 
320 |a Author Index: p. 537-544. 
320 |a Subject Index: p. 545-551. 
610 1 |a математика 
610 1 |a математическая статистика 
610 1 |a статистические методы 
610 1 |a временные ряды 
610 1 |a параметрические методы 
610 1 |a непараметрические методы 
610 1 |a английский язык 
675 |a 519.23  |v 3 
700 1 |a Fan  |b J.  |g Jianqing 
701 1 |a Yao  |b Q.  |g Qiwei 
801 1 |a RU  |b 63413507  |c 20080827  |g PSBO 
801 2 |a RU  |b 63413507  |c 20080924  |g PSBO 
942 |c BK